Effectiffs Autriche Euro 2024 - Statistiques

Statistiques générales
  • Ce quiz a été pris 24 fois
  • Le résultat moyen est 9 sur 26
Statistiques - réponses
Poste Numéro Club Joueur % Correct
Milieu 9 Borussia Dortmund Marcel Sabitzer
100%
Défenseur 4 RC Lens Kevin Danso
88%
Milieu 20 Bayern Munich Konrad Laimer
88%
Attaquant 7 Inter Milan Marko Arnautovic
82%
Milieu 19 RB Leipzig Christian Baumgartner
76%
Gardien 13 IF Brondby Patrick Pentz
59%
Milieu 6 RB Leipzig Nicolas Seiwald
53%
Défenseur 5 FC Bologne Stefan Posch
53%
Défenseur 16 FSV Mainz Phillipp Mwene
47%
Milieu 10 TSG Hoffenheim Florian Grillitsch
41%
Attaquant 11 SC Friburg Michael Gregoritsch
41%
Défenseur 15 SC Friburg Philipp Lienhart
41%
Défenseur 3 Feyenoord Gernot Trauner
24%
Défenseur 2 Leeds United Maximilian Wober
18%
Attaquant 23 VFL Wolfsburg Patrick Wimmer
18%
Milieu 8 Sturm Graz Alexander Prass
12%
Milieu 17 FC Koln Florian Kainz
12%
Gardien 1 FC Sion Heinz Lindner
12%
Défenseur 14 Union Berlin Leopold Querfeld
12%
Milieu 18 Werder Breme Romano Schmid
12%
Défenseur 21 US Salernitana Flavius Daniliuc
6%
Milieu 22 Rapid Vienne Matthias Seidl
6%
Attaquant 25 LASK Linz Maximilian Entrup
6%
Milieu 24 Sans Club Andreas Weimann
0%
Attaquant 26 Werder Breme Marco Grull
0%
Gardien 12 Rapid Vienne Nickals Hedl
0%
Aucun quiz correspondant
Distribution des résultats
% des personnes avec chaque résultat
Percentile par nombre de réponses
Votre historique - résultats
Vous n’avez pas pris ce quiz